000 00424nam a2200169Ia 4500
008 221030s9999 xx 000 0 und d
020 _a8185749604
041 _aEnglish
082 _a105.23
_bGup
100 _aB. R. Gupta
245 0 _aDigital Electronics
_cby B. R. Gupta, V. Singhal
260 _bS.K.Kataria & Sons
_aNew Delhi
_c2001
300 _a419
650 _aBE Computer
700 _aV. Singhal
942 _cBK
999 _c7639
_d7639